000 00416nam a22001337a 4500
008 160412b xxu||||| |||| 00| 0 eng d
050 _aE184.7.T737
100 _aLight, Ray O.
_923694
245 _aToward victorious Afro-American national liberation
_cRay O. Light
260 _aBoston
_bRay O. Light
_c1982
300 _axxxii, 421p. ;
_c22cm.
650 _aAfro-Americans
_xHistory
_923695
942 _2lcc
_cMONOGRAPH
999 _c124572
_d124572